000 01964nam a22005057a 4500
001 000095956
003 CHAP
005 20220817044117.0
008 060620d2006 mx bd r 00110 spa d
010 _a92422
011 _a93394
035 _a103966
040 _cCHAP
090 _aTesis
100 1 _aConstantino Borraz, Noé Adme.
_927361
245 1 0 _aImpacto del programa de desarrollo humano oportunidades en los procesos agrícolas de seis localidades en cuatro municipios del estado de Michoacán /
_c/por Noé Adme Constantino Borraz y Daniel Serrato Díaz.
260 _aChapingo, Méx. :
_bEl autor,
_c2006.
300 _a136 h. :
_bgráfs. ; mapa ; cuadros.
502 _aTesis (Ing. Agr. Esp. en Fitotecnia) -- UACH. Departamento de Fitotecnia
590 _aALEPH
_b10
_c20130110
_lUCH01
_h1512
590 _aBATCH-UPD
_b10
_c20130110
_lUCH01
_h0455
590 _aBATCH-UPD
_b10
_c20130410
_lUCH01
_h0133
590 _aBATCH-UPD
_b10
_c20130410
_lUCH01
_h1544
590 _aBATCH-UPD
_b10
_c20130914
_lUCH01
_h1103
590 _aBATCH-UPD
_b10
_c20140324
_lUCH01
_h1458
590 _aBATCH-UPD
_b10
_c20141002
_lUCH01
_h0831
590 _aBATCH
_b00
_c20181121
_lUCH01
_h0759
590 _aCONVERSION
_b10
_c20130109
_lUCH01
_h1351
590 _aE5765TAJ
_b10
_c20130604
_lUCH01
_h1215
650 1 4 _aAgricultura
_xAspectos economicos
_xMichoacan.
_91269
650 1 4 _aCrédito agrícola
_xMichoacán.
_929065
650 1 4 _aDesarrollo económico.
650 1 4 _aDesarrollo rural.
_932067
650 1 4 _aDesarrollo social.
650 1 4 _aSubsidios.
_9110160
700 1 _aSerrato Díaz, Daniel.
_9105271
856 _3Finding aid
_uhttp://10.13.5.2/tesis/103966.pdf
_zTeclea aquí
856 _a1
_n0001678
901 _aBK
905 _aMarco A. Mendoza T.
942 _cCD
942 _n0
949 _aTesis
_bBC
_cTES
_d00000001039661
_eTS1
_gDonaciØn
_h45527
_i103966
_sb
949 _aTesis
_bBC
_cTES
_d33724000991139
_eTS2
_fc.2
_gDonaciØn
_h45528
_i103966
_sb
999 _c92422
_d92422